| 000 | 00866nam a2200193 a 4500 | ||
|---|---|---|---|
| 001 | 000039672 | ||
| 005 | 20201002033654.0 | ||
| 008 | 130715s2004 sp 000 0 spa d | ||
| 245 | 0 | 3 |
_aLa antropología como pasión y como práctica : _bensayos in honorem Julian Pitt-Rivers / _cCoordinado por Honorio M. Velasco ; con la colaboración de Dominique Fournier y Luis Díaz G. Viana. |
| 260 |
_aMadrid : _bConsejo Superior de Investigaciones Científicas, _c2004. |
||
| 300 |
_a418 p. ; _c26 cm. |
||
| 490 | 1 | _aBiblioteca de dialectología y tradiciones populares | |
| 700 | 1 |
_aValasco, Honorio M. _ecoor. _965864 |
|
| 700 | 1 |
_aFournier, Dominique _965865 |
|
| 700 | 1 |
_aDíaz G. Viana, Luis _943426 |
|
| 710 | 2 |
_aConsejo Superior de Investigaciones Científicas _94786 |
|
| 830 | 0 |
_aBiblioteca de dialectología y tradiciones populares _v41 _964038 |
|
| 999 |
_c39162 _d39162 |
||
| 040 | _aDO-SdBNP | ||